00730cam a22002171 4500001001300000003000400013005001700017008004100034010001700075025001900092035002000111040002300131042001200154050002300166100002600189245017300215260005200388300002500440500003000465999001700495sa 64007929 DLC20260227112051.0860206s1964 io c 000 0 ind  asa 64007929  aPL480:Indo-772 a(OCoLC)13116058 aDLCcKyUdKyUdDLC apremarc00aDS644.2.1964b.S830 aSoekarno,d1901-1970.10aDwikomando rakjat untuk pengganjangan "Malaysia."bAmanat pada appel-besar sukarelawan pengganjangan "Malaysia" pada tanggal 3 Mei 1964 didepan Istana Merdeka Djakarta. a[Djakarta]bDepartemen Peneranganc[cover 1964] a27 p.bport.c21 cm. a"Penerbitan chusus, 314." c60595d60595